| 000 | 00510nam a22001697a 4500 | ||
|---|---|---|---|
| 005 | 20250328111332.0 | ||
| 008 | 250328b |||||||| |||| 00| 0 eng d | ||
| 020 | _a9780300074376 | ||
| 050 |
_aBR85 _b.N615 THE |
||
| 245 |
_aTheology, History, and Culture _cEdited by; William Stacy Johnson & Richard R. Niebuhr |
||
| 260 |
_aLondon _bYale University Press _c1996 |
||
| 300 |
_axxxviii. 236p. _c18 cm |
||
| 500 | _aIncludes Index | ||
| 650 | _2Theology | ||
| 700 | _aWilliam Stacy Johnson | ||
| 942 |
_2lcc _cBK _n0 |
||
| 999 |
_c5286 _d5286 |
||